000
00329 a2200157 4500
001
73674
020
_a
8588543-14-1
040
_c
Anchieta - Colégio São Paulo
100
_a
Soromenho, Castro
240
1
0
_a
Viragem
_l
por
245
1
0
_a
Viragem
300
_a
189
362
0
_a
0
650
4
_a
Ficção portuguesa
942
_c
BK
999
_c
73674
_d
73674